000 00894nmm a2200289 a 4500
001 ocm0001411593
003 TR-IsHL
005 20201028164058.0
008 160220s2011 tu tur
007 cr cn
020 _a9789752699205
035 _a1411593
_b(N$T)
050 0 4 _aDR557
_b.A39 2011
090 0 4 _aDR557
_b.A39 2011
100 1 _aAkyol, Mustafa
245 1 0 _aGayri resmi yakın tarih
_h[electronic resource] /
_cMustafa Akyol
260 _aİstanbul :
_bEtkileşim Yayınları,
_c2011
300 _a209 p.
650 4 _aTarih
650 4 _aHistory
650 0 _aKemalizm
650 0 _aKemalism
650 0 _aTürkiye
_xTarih
_x19.yüzyıl
650 0 _aTurkey
_xHistory
_x19th century
650 7 _aHISTORY / Middle East / Turkey & Ottoman Empire
_2bisacsh
856 4 0 _uhttp://search.ebscohost.com/login.aspx?direct=true&scope=site&db=e011xww&AN=1411593
999 _c15517
_d15517